000 00411 a2200169 4500
001 47161
020 _a9788506060995
040 _cAnchieta - Aquarius
100 _aLinck, Celso
240 1 0 _aA cobrança, a princesa e a surpresa
_lpor
245 1 0 _aA cobrança, a princesa e a surpresa
300 _a32
362 0 _a2010
440 1 _aMelhoramentos
650 4 _aLiteratura infanto-juvenil
942 _cBK
999 _c47161
_d47161